Premier League- All time strikers from weird pictures. - Statistics

General Stats
  • This quiz has been taken 61 times
  • The average score is 13 of 16
Answer Stats
Picture Hint Answer % Correct
Tottenham player Kane
100%
Manchester City player Haaland
96%
Manchester United player Ronaldo
96%
Liverpool player Suarez
94%
Leicester City player Vardy
90%
Chelsea player Lukaku
88%
Tottenham player Richarlison
86%
Liverpool player Firmino
84%
Manchester City player Aguero
82%
Arsenal player Jesus
82%
Newcastle player Shearer
82%
Chelsea player Morata
72%
Arsenal player Lacazette
68%
West Ham player Antonio
62%
Leeds player Bamford
46%
Southampton player Adams
40%
No matching quizzes found
Score Distribution
Percent of People with Each Score
Percentile by Number Answered
Your Score History
You have not taken this quiz